000 01072nam a2200205 a 4500
001 45042
005 20180714024108.0
008 140415s1990 mx 000 0 spa d
020 _a9684640692
041 _aspa
082 _a693.554
_bRIC
100 1 _aRICHARDSON, J. G.
245 1 0 _aCIMBRAS :
_bMATERIALES, MONTAJE Y ACCESORIOS
250 _a1a ed.
260 _aMEXICO :
_bINSTITUTO MEXICANO DEL CEMENTO Y DEL CONCRETO, A.C,
_c1990
300 _a94
_cx 15.6 x 22.5
490 _aNUEVA SERIE IMCYC
_v3
520 _aDESDE LOS INICIOS DE LA HISTORIA DEL CIMBRADO, LO QUE AHORA SE CONOCE COMO MÉTODOS TRADICIONALES DE CONSTRUCCIÓN DE CIMBRAS DEMOSTRÓ SER UN PROCEDIMEINTO QUE IMPLICABA UN ENORME DESPERDICIO, ESPECIALMENTE EN LOS CASOS EN QUE NO SE LOGRABA UN CONSIDERABLE USO REPETIDO DE LOS MATERIALES. EN GRAN BRETAÑA Y ESTADOS UNIDOS PRONTO SE CREARON COMPAÑÍAS QUE VENDÍAN EQUIPO PATENTADO PARA CIMBRAS. SE DISEÑARON ALGUNOS ARREGLOS PARA CUMPLIR CON CIERTOS REQUERIMEINTOS DE LA CONSTRUCCIÓN.
650 1 4 _aARMADURAS DE CONSTRUCCION
999 _c45042
_d45042